Megapolit tyhjällä maailmankartalla - Statistics

Yleistilastot
  • Tätä visaa on pelattu 843 kertaa
  • Keskiarvotulos 24 / 45
Vastaukset kartalla
Vastauksille on annettu kartalla punavihreä väri sen mukaan, kuinka moni on saanut sen oikein.
 
Vastaustilastot
Väkiluku Kaupunkirykelmä % Oikein
23,1 milj. New York
96%
40,8 milj. Tokio
93%
14,8 milj. Lontoo
91%
18,8 milj. Moskova
91%
11,4 milj. Pariisi
88%
17,7 milj. Los Angeles
87%
20,9 milj. Peking
87%
24,9 milj. México
83%
13,4 milj. Rio de Janeiro
81%
33,4 milj. Delhi
78%
40,0 milj. Shanghai
76%
16,1 milj. Istanbul
71%
16,7 milj. Buenos Aires
69%
26,6 milj. Mumbai
69%
22,2 milj. Kairo
67%
28,9 milj. Jakarta
64%
20,5 milj. Bangkok
63%
11,6 milj. Lima
61%
23,0 milj. São Paulo
60%
24,9 milj. Soul
59%
14,8 milj. Johannesburg
56%
10,2 milj. Bogota
55%
17,7 milj. Osaka
55%
21,4 milj. Lagos
53%
26,7 milj. Manila
52%
16,2 milj. Teheran
52%
17,4 milj. Kalkutta
48%
67,8 milj. Kanton / Shenzhen
46%
21,3 milj. Dhaka
42%
15,0 milj. Kinshasa
41%
11,8 milj. Wuhan
41%
13,5 milj. Ho Chi Minh
36%
19,1 milj. Karachi
32%
12,3 milj. Xi'an
31%
12,2 milj. Chennai
30%
13,7 milj. Bangalore
27%
14,4 milj. Lahore
26%
16,6 milj. Chengdu
24%
11,1 milj. Hyderabad
24%
10,5 milj. Nagoya
24%
10,5 milj. Chongqing
21%
11,4 milj. Tianjin
21%
14,5 milj. Xiamen
21%
13,4 milj. Hangzhou
15%
10,5 milj. Changsha
12%
Ehtoja vastaavia visoja ei löytynyt
Tulosjakauma
Jokaisen tuloksen saaneiden osuus
Persentiili vastausten määrän mukaan
Tuloshistoriasi
Et ole pelannut tätä visaa